书目信息 |
| 题名: |
大学数学考试指南
|
|
| 作者: | 黄光谷 主编 | |
| 分册: | ||
| 出版信息: | 武汉 华中理工大学出版社 1996.07 |
|
| 页数: | 584页 | |
| 开本: | 32开 | |
| 丛书名: | ||
| 单 册: | ||
| 中图分类: | O13-62 | |
| 科图分类: | ||
| 主题词: | 高等数学 | |
| 电子资源: | ||
| ISBN: | 7-5609-1304-0 | |
| 000 | 00570nam0 2200193 45 | |
| 001 | 1009082382 | |
| 005 | 20100908235349.3 | |
| 010 | @a7-5609-1304-0@d16.50元 | |
| 100 | @a20100908d1996 km y0chiy0120 ea | |
| 101 | 0 | @achi |
| 105 | @a z 000yy | |
| 200 | 1 | @a大学数学考试指南@ADa Xue Shu Xue Kao Shi Zhi Nan@f黄光谷等主编@FHuang Guang Gu Deng Zhu Bian |
| 210 | @a武汉@c华中理工大学出版社@d1996.07 | |
| 215 | @a584页@d32开 | |
| 606 | 0 | @a高等数学 |
| 690 | @aO13-62@v3 | |
| 701 | 0 | @a黄光谷@4主编 |
| 801 | @aCN@bPftUser@c20100908 | |
| 905 | @b134437-446@dO13-62@eH267@f10 | |
| 大学数学考试指南/黄光谷等主编.-武汉:华中理工大学出版社,1996.07 |
| 584页;32开 |
| ISBN 7-5609-1304-0:16.50元 |
| ● |
| 相关链接 |
|
|
|
正题名:大学数学考试指南
索取号:O13-62/H267
 
预约/预借
| 序号 | 登录号 | 条形码 | 馆藏地/架位号 | 状态 | 备注 |
| 1 | 134437 | 201344376 | 自科二线504/504自科库 47排5列5层/ [索取号:O13-62/H267] | 在馆 | |
| 2 | 134438 | 201344385 | 自科二线504/504自科库 47排5列5层/ [索取号:O13-62/H267] | 在馆 | |
| 3 | 134439 | 201344394 | 自科二线504/504自科库 47排5列5层/ [索取号:O13-62/H267] | 在馆 | |
| 4 | 134440 | 201344401 | 自科库401/401自科库 40排1列5层/ [索取号:O13-62/H267] | 在馆 | |
| 5 | 134441 | 201344410 | 自科二线504/504自科库 43排3列1层/ [索取号:O13-62/H267] | 在馆 | |
| 6 | 134442 | 201344429 | 自科二线504/504自科库 47排5列5层/ [索取号:O13-62/H267] | 在馆 | |
| 7 | 134443 | 201344438 | 自科二线504/504自科库 47排5列5层/ [索取号:O13-62/H267] | 在馆 | |
| 8 | 134444 | 201344447 | 自科库401/401自科库 40排1列5层/ [索取号:O13-62/H267] | 在馆 | |
| 9 | 134445 | 201344456 | 自科二线504/504自科库 47排5列5层/ [索取号:O13-62/H267] | 在馆 | |
| 10 | 134446 | 201344465 | 自科二线504/504自科库 47排5列5层/ [索取号:O13-62/H267] | 在馆 |